| 000 | 00363nam a22001577a 4500 | ||
|---|---|---|---|
| 999 |
_c7555 _d7555 |
||
| 003 | GBCCL | ||
| 005 | 20241126110631.0 | ||
| 008 | 180823b ||||| |||| 00| 0 eng d | ||
| 040 | _cgbc | ||
| 082 |
_aVER 390.08 _bKAI |
||
| 100 |
_aKaineng _913357 |
||
| 245 | _aApaisa hunte kana theih dan | ||
| 260 |
_aLamka: _bK Ginhao |
||
| 300 | _a83p. ; | ||
| 942 |
_2ddc _cBK _01 |
||